|
|
|
|
| LEADER |
01235ppm a22003018a 4500 |
| 001 |
00031279 |
| 005 |
20171026081025.0 |
| 008 |
131111s2009 ||||||viesd |
| 041 |
0 |
# |
|a vie
|
| 082 |
1 |
4 |
|b KH108S
|a 635.9
|
| 100 |
1 |
# |
|a Lê, Văn Tặng
|
| 245 |
0 |
0 |
|a Khảo sát thực trạng cây xanh bóng mát và cây cảnh trang trí trên địa bàn thị xã Sa Đéc- tỉnh Đồng Tháp
|b Luận văn thạc sĩ sinh học. Chuyên ngành: Thực vật học. Mã số: 60.44.20
|c Lê Văn Tặng; Phạm Hồng Ban (hướng dẫn)
|
| 260 |
# |
# |
|a Vinh
|b Đại học Vinh
|c 2009
|
| 300 |
# |
# |
|a 69 tr.
|c 30cm.
|b Ảnh màu
|e bản tóm tắt
|
| 500 |
# |
# |
|a ĐTTTS ghi: Bộ giáo dục và đào tạo. Trường Đại học Vinh
|
| 653 |
# |
# |
|a Cây cảnh
|
| 653 |
# |
# |
|a Cây xanh
|a Sa Đéc
|a Đồng Tháp
|
| 653 |
# |
# |
|a Sinh học
|
| 653 |
# |
# |
|a Luận văn
|
| 653 |
# |
# |
|a Khảo sát
|
| 700 |
1 |
# |
|a Phạm, Hồng Ban
|e Hướng dẫn
|
| 852 |
# |
# |
|j LV.0000379
|
| 852 |
# |
# |
|b Kho đọc SĐH
|j LV.0000379
|
| 910 |
|
|
|d 11/11/2013
|
| 980 |
# |
# |
|a Trung tâm Học liệu Lê Vũ Hùng, Trường Đại học Đồng Tháp
|